| 000 | 01549nam a2200409 i 4500 | ||
|---|---|---|---|
| 001 | DIGICB0528 | ||
| 003 | NyNyDIG | ||
| 007 | cr ||||||||||| | ||
| 008 | 230502s2012 sp a ob 000 0 spa d | ||
| 006 | m o d | ||
| 035 | _a(OCoLC)1379453748 | ||
| 040 |
_aDGITA _beng _erda _epn _cDGITA |
||
| 020 |
_a9788418781728 _qpdf |
||
| 020 | _z9788490210048 | ||
| 050 | 1 | 4 | _aTA684 ebook |
| 245 | 0 | 0 |
_aTarjeta Profesional de la Construcción (TPC). _pFerrallado / _ccoordinadora de la obra, Estefanía Navas Cuenca. |
| 246 | 3 | _aFerrallado | |
| 250 | _a2a edición. | ||
| 264 | 1 |
_aMálaga, España : _bICB Editores, _c[2012] |
|
| 300 |
_a1 online resource : _billustrations. |
||
| 336 |
_atext _btxt _2rdacontent |
||
| 337 |
_acomputer _bc _2rdamedia |
||
| 338 |
_aonline resource _bcr _2rdacarrier |
||
| 347 |
_atext file _2rdaft |
||
| 347 | _bPDF | ||
| 500 | _a"Incluye solucionario."--Cover. | ||
| 504 | _aIncludes bibliographical references. | ||
| 588 | 0 | _aOnline resource; title from PDF title page (Digitalia, viewed May 2, 2023) | |
| 650 | 0 | _aSteel framing (Building) | |
| 700 | 1 |
_aNavas Cuenca, Estefanía, _eeditor. |
|
| 791 | 2 |
_aDigitalia (Firm), _edistributor. |
|
| 793 | 0 |
_gDigitalia eBook Collection: _aICB Editores |
|
| 776 | 0 | 8 |
_iPrint version: _tTarjeta Profesional de la Construcción (TPC). Ferrallado. _b2a edición. _dMálaga, España : ICB Editores, [2012] _z9788490210048 |
| 856 | 4 | 0 |
_3Digitalia Hispánica _uhttps://www.digitaliapublishing.com/a/125513/ |
| 910 | _aPremium collection: 2023 | ||
| 942 | _cRAA | ||
| 999 |
_c277422 _d277422 |
||